BIBLIOTHÈQUE DE LA MAISON DU MEXIQUE

Logo 1 Logo 2

L'univers des conquistadores (notice nᵒ 184)

détails MARC
000 -Sello discográfico
campo de control de longitud fija 01004nam a2200313 4500
005 - Identificación de versión
campo de control 20251017062823.0
010 ## - Número Estándar Internacional de Libros (ISBN)
Número (ISBN) 2-7384-2325-6
035 ## - Otros números de control del sistema
Número de control del sistema 19712
099 ## - fechas locales
Tipo de ítem Koha LIBRO
100 ## - Datos de procesamiento general
Datos de procesamiento general 19941003d1993 m y1spay5003 ba
105 ## - Campo de datos codificados: Material textual, monográfico
Datos codificados de monografía a 001zy
200 1# - Título y mención de responsabilidad
Título propio L'univers des conquistadores
Designación general del material texto impreso
Otra información del título les hommes et leur conquête dans le Mexique du XVIe siècle
Primer mención de responsabilidad Bernard Grunberg
Declaración de responsabilidad subsiguiente préface de Pierre Chaunu
210 ## - Publicación, distribución, etc.
Lugar de publicación, distribución, etc. Paris
Nombre del editor, distribuidor, etc. Editions L'Harmattan
Fecha de publicación, distribución, etc. 1993
215 ## - Descripción física
Designación de material específico y extensión del ítem 415 p
Otras características físicas il.
Dimensiones 22 cm
320 ## - Nota de índices/bibliografías internas
Texto de la nota Bibliografía: p.345-382
345 ## - Nota de información de adquisición
Fuente de adquisición/dirección de la suscripción [OBSOLETO] Compra
410 #1 - Series
Título Recherches et Documents Amériques Latines
607 ## - Nombre geográfico utilizado como tema
Elemento de entrada México
Subdivisión temática Historia
Subdivisión cronológica Conquista, 1519-1540
Número Koha 453
660 ## - Código de área geográfica
Código MX
700 ## - Nombre personal - Responsabilidad primaria
Elemento de entrada Grunberg
Parte del nombre distinta del elemento de entrada Bernard
Fechas 1949-
Número Koha 623
702 ## - Nombre personal - Responsabilidad secundaria
Elemento de entrada Chaunu
Parte del nombre distinta del elemento de entrada Pierre
Fechas 1923-2009
Número Koha 624
801 #0 - Fuente de origen
Agencia cm
900 ## -
-- 1/10595
900 ## -
-- 71094140\\\031094
942 ## - ELEMENTOS DE ENTRADA SECUNDARIOS (KOHA)
Tipo de ítem Koha Livre
996 ## -
-- MEX
-- 751145101
-- MMAG
-- 004284
-- 980.72 H287 V.7
-- 20201202LIV
Exemplaires
Estatus retirado Estado de daño Estado de pérdida Fecha de adquisición Biblioteca de origen Biblioteca actual Ubicación en estantería Código de barras Precio de reemplazo Signatura topográfica completa No para préstamo Tipo de ítem Koha Nota pública Nota no pública
      05/08/2025 Casa México Paris Casa México Paris   004284 05/08/2025 980.72 H287 V.7   Livre 20201202LIV 751145101